El mercado de emisiones: cómo funciona y por qué fracasa /
El documento examina detalladamente el funcionamiento de los mercados de emisiones de gases de efecto invernadero y plantea un análisis riguroso sobre sus limitaciones y fallas en la lucha contra el cambio climático.El libro proporciona una visión crítica y exhaustiva de los mercados de emisiones y...
Guardat en:
| Autor principal: | |
|---|---|
| Altres autors: | |
| Format: | Desconegut |
| Idioma: | Spanish |
| Publicat: |
La Paz, Bolivia:
Carbon Trade Watch,
2006?
|
| Matèries: | |
| Etiquetes: |
Afegir etiqueta
Sense etiquetes, Sigues el primer a etiquetar aquest registre!
|
MARC
| LEADER | 00000 a2200000 04500 | ||
|---|---|---|---|
| 001 | 44509 | ||
| 003 | cru CIDCAS/IIS | ||
| 005 | 20230907160625.0 | ||
| 008 | 050628s2006 bo spa d | ||
| 020 | |a 9789071007316 | ||
| 040 | |c cru CIDCAS/IIS | ||
| 090 | |a 17.02.01 G466m | ||
| 100 | |a Gilbertson, Tamra | ||
| 245 | |a El mercado de emisiones: |b cómo funciona y por qué fracasa / |c Tamra Gilbertson, Oscar Reyes | ||
| 260 | |a La Paz, Bolivia: |b Carbon Trade Watch, |c 2006? | ||
| 300 | |a 129 páginas | ||
| 520 | |a El documento examina detalladamente el funcionamiento de los mercados de emisiones de gases de efecto invernadero y plantea un análisis riguroso sobre sus limitaciones y fallas en la lucha contra el cambio climático.El libro proporciona una visión crítica y exhaustiva de los mercados de emisiones y su incapacidad para abordar de manera efectiva el cambio climático. A través de ejemplos concretos y un análisis profundo, los autores destacan la necesidad de buscar enfoques alternativos que prioricen la justicia climática, la sostenibilidad y la equidad en la lucha contra el cambio climático.RAR | ||
| 650 | 0 | |2 OCDE |9 345 |a CAMBIO CLIMATICO | |
| 700 | |a Reyes, Oscar | ||
| 942 | |2 ddc |c LI | ||
| 999 | |c 15105 |d 15105 | ||



